Movies Quiz

Random Movies or Grab Bag Quiz

Oscars Trivia by Sporcle Category Quiz Stats

 Plays Quiz Updated Apr 21, 2018

Challenge
Share
Tweet
Embed
Score 0/15 Timer 04:00
3 Plays Today
Question Answer % Correct
What Best Picture Oscar winner's plot is inspired by the game show 'Who Wants to be a Millionaire'?Slumdog Millionaire
94.4%
In 1998, Cate Blanchett & Judi Dench were both nominated for Oscars for their portrayals of what English monarch?Queen Elizabeth I
92%
What sport is featured in the Oscar Best Picture winners 'Rocky' & 'Million Dollar Baby'?boxing
91.1%
What writer has won 3 Oscars for Original Screenplay for 'Annie Hall' 'Hannah and Her Sisters' & 'Midnight in Paris'?Woody Allen
86.4%
What scientist was portrayed in an Oscar winning role by Eddie Redmayne in 'The Theory of Everything'Stephen Hawking
84%
What film series had two entries win the Best Picture Oscar for 1972 & 1974?The Godfather
83.8%
What Oscar Best Picture winner is about a fake film production used as a cover to rescue a group of diplomats?Argo
81.2%
What iconic composer & conductor has won 5 Oscars and earned 51 nominations?John Williams
74.4%
Question Answer % Correct
The very first Oscar ceremony was held at the Roosevelt Hotel in Los Angeles in what year?1929
74.1%
With 14 winning films, what country has won the Oscar for Best Foreign Language Film the most times?Italy
71.5%
Edmund Gwenn won the Supporting Actor Oscar portraying Kris Kringle in what 1947 film?Miracle on 34th Street
69.1%
Speaking German, English, French & Italian, who won the Supporting Actor Oscar in 'Inglourious Basterds'?Christoph Waltz
68%
What comedian & actor hosted the Oscars 19 times, more than any other person?Bob Hope
65.4%
Who won a Best Supporting Actress Oscar as a soap opera cast member co-starring with Dustin Hoffman in 'Tootsie'?Jessica Lange
44.7%
Bing Crosby & Barry Fitzgerald both won Oscars portraying priests in what film from 1944 which won the Best Picture Oscar?Going My Way
34.8%

You're not logged in!

Compare scores with friends on all Sporcle quizzes.
Join for Free
OR
Log In

You Might Also Like...

Show Comments

Extras

Top Quizzes Today


Score Distribution

Your Account Isn't Verified!

In order to create a playlist on Sporcle, you need to verify the email address you used during registration. Go to your Sporcle Settings to finish the process.

Report this User

Report this user for behavior that violates our Community Guidelines.

Details: